| 000 | 00397nam a2200145Ia 4500 | ||
|---|---|---|---|
| 008 | 160114s9999 xx 000 0 und d | ||
| 020 | _a9714802148 | ||
| 050 | _a959 | ||
| 050 | _b.M239 1997 | ||
| 245 | _aMalaysia / | ||
| 260 |
_aMakati City, Metro Manila _bDiwa Scholastic Press Inc. _c1997 |
||
| 300 |
_a44 pages; _bill. (some col.) ; |
||
| 440 | _aGetting to know ASEAN | ||
| 440 | _vVolume 4 | ||
| 999 |
_c290281 _d290281 |
||